Доктор : (Record no. 27610)
[ view plain ]
| 000 -LEADER | |
|---|---|
| fixed length control field | 00981nam a2200265 a 4500 |
| 001 - CONTROL NUMBER | |
| control field | 000087357 |
| 003 - CONTROL NUMBER IDENTIFIER | |
| control field | AM-YEHGA |
| 005 - DATE AND TIME OF LATEST TRANSACTION | |
| control field | 20250617122001.0 |
| 008 - FIXED-LENGTH DATA ELEMENTS--GENERAL INFORMATION | |
| fixed length control field | 950720s1984 ru |||||||||||||||||rus d |
| 040 ## - CATALOGING SOURCE | |
| Original cataloging agency | AM-YeHGA |
| 041 0# - LANGUAGE CODE | |
| Language code of text/sound track or separate title | rus |
| 090 ## - LOCALLY ASSIGNED LC-TYPE CALL NUMBER (OCLC); LOCAL CALL NUMBER (RLIN) | |
| -- | 27956 |
| 100 1# - MAIN ENTRY--PERSONAL NAME | |
| Personal name | Гордон, Ричард |
| 245 10 - TITLE STATEMENT | |
| Title | Доктор : |
| Remainder of title | Адаптировано / |
| Statement of responsibility, etc. | Р. Гордон ; [Введ., обраб. текста, коммент. и слов. Э.И. Ушаковой]. |
| 246 35 - VARYING FORM OF TITLE | |
| Title proper/short title | Doctor at large |
| 250 ## - EDITION STATEMENT | |
| Edition statement | 3-е изд., испр. |
| 260 ## - PUBLICATION, DISTRIBUTION, ETC. | |
| Place of publication, distribution, etc. | Москва : |
| Name of publisher, distributor, etc. | Высш. шк, |
| Date of publication, distribution, etc. | 1984. |
| 300 ## - PHYSICAL DESCRIPTION | |
| Extent | 96 с. ; |
| Dimensions | 20 см. |
| 440 #0 - SERIES STATEMENT/ADDED ENTRY--TITLE | |
| Title | Учебное пособие для начального чтения |
| 500 ## - GENERAL NOTE | |
| General note | Текст : англ. |
| 500 ## - GENERAL NOTE | |
| General note | Gordon, R. Doctor at large |
| 650 14 - SUBJECT ADDED ENTRY--TOPICAL TERM | |
| Topical term or geographic name entry element | Английский язык - Хрестоматия |
| 700 1# - ADDED ENTRY--PERSONAL NAME | |
| Personal name | Ушакова, Э.И. |
| Relator term | авт. введ. |
| -- | авт. коммент. |
| Relationship | aui |
| -- | cmm |
| 942 ## - ADDED ENTRY ELEMENTS (KOHA) | |
| Source of classification or shelving scheme | Universal Decimal Classification |
| Koha item type | Գրքեր / Books |
| Withdrawn status | Lost status | Source of classification or shelving scheme | Damaged status | Not for loan | Collection | Home library | Current library | Date acquired | Total checkouts | Full call number | Barcode | Date last seen | Price effective from | Koha item type | Public note |
|---|---|---|---|---|---|---|---|---|---|---|---|---|---|---|---|
| Universal Decimal Classification | General | Fundamental Scientific Library | Fundamental Scientific Library | 21/12/2016 | PII/526099 | FL0179170 | 21/12/2016 | 21/12/2016 | Գրքեր / Books | 30 Days Loan |
ՀՀ Գիտությունների ազգային ակադեմիայի հիմնարար գիտական գրադարան = Fundamental Scientific Library of NAS RA
All site content, except where otherwise noted, is licensed under a